000 01169nam0a2200313 4500
001 RU\NLR\BIBL_A\012132663
005 20191108160126.0
010 _a978-5-905179-7502
_bООО "Изд-во СЕМ"
_96000
010 _a978-5-7534-1594-3
_bГУП "Изд-во Ир"
021 _aRU
_bКН-П-19-071601
_9КН-П-19-5159
035 _a(NLR Aleph) 012132663
090 _a12055485
_c12055485
100 _a20191108d2019 c y0rusy50 ca
101 0 _aoss
102 _aRU
105 _aa j 000 y
200 1 _aАбетæ
_fДзытиаты Эммæ, Сидахъвты Анжелæ
210 _aДзæуджыхъæу
_cСЕМ
_d2019
215 _a203,[3] с.
_cцв. ил.
_d27
541 1 _6z01790
_a[Букварь]
_e1 кл.
_zrus
606 1 _aОсетинский язык
_jБуквари
_9941437
_3RU\NLR\AUTH\6629742
686 1 _aШ152.323-920
700 1 _aДзытиаты
_bЭ.
_gЭммæ
_4070
701 1 _aСидахъаты
_bА.
_gАнжелæ
_4070
790 1 _6z01541
_aДзтиева
_bЭ. З.
_gЭмма Зелимхановна
_4070
852 _aNLR
_bОНЛ
_jОсет./4-258
942 _cBOOK
980 _aNB